Property owners and the National "Grid" Scheme. January 1933. (Record no. 99983)
[ view plain ]
| 000 -LEADER | |
|---|---|
| fixed length control field | 00423cam a22001575a 4500 |
| 001 - CONTROL NUMBER | |
| control field | J101014 |
| 008 - FIXED-LENGTH DATA ELEMENTS--GENERAL INFORMATION | |
| fixed length control field | 000000s1933 xxk 000 0 eng u |
| 035 ## - SYSTEM CONTROL NUMBER | |
| System control number | (Sirsi) u101014 |
| 110 ## - MAIN ENTRY--CORPORATE NAME | |
| Corporate name or jurisdiction name as entry element | Chartered Surveyors' Institution |
| 9 (RLIN) | 2274 |
| 245 ## - TITLE STATEMENT | |
| Title | Property owners and the National "Grid" Scheme. January 1933. |
| 260 ## - PUBLICATION, DISTRIBUTION, ETC. | |
| Date of publication, distribution, etc. | 1933 |
| 300 ## - PHYSICAL DESCRIPTION | |
| Extent | 13p. |
| 651 #4 - SUBJECT ADDED ENTRY--GEOGRAPHIC NAME | |
| Geographic name | United Kingdom |
| Chronological subdivision | |
| 690 ## - LOCAL SUBJECT ADDED ENTRY--TOPICAL TERM (OCLC, RLIN) | |
| Topical term or geographic name as entry element | Infrastructure |
| 9 (RLIN) | 6246 |
| 942 ## - ADDED ENTRY ELEMENTS (KOHA) | |
| Suppress in OPAC | 0 |
| Withdrawn status | Lost status | Source of classification or shelving scheme | Damaged status | Not for loan | Home library | Current library | Shelving location | Date acquired | Total Checkouts | Full call number | Barcode | Date last seen | Copy number | Price effective from | Koha item type |
|---|---|---|---|---|---|---|---|---|---|---|---|---|---|---|---|
| Dewey Decimal Classification | Historic collection | Historic collection | RICS Boxes | 27/10/1999 | RICS 1933 | 30059912 | 06/08/2019 | 1 | 06/08/2019 | Archive | |||||
| Dewey Decimal Classification | Historic collection | Historic collection | RICS Boxes | 27/10/1999 | RICS 1933 | 30059911 | 06/08/2019 | 2 | 06/08/2019 | Archive |